Měření hodnoty podniku v globalizujícím se turbulentním prostředí
Najfrekventovanejšie metódy využívané v súčasnosti pre odhad hodnoty podniku. Podstata metód diskontu cash flow. Vysvetlenie reálnej opčnej metodológie, priblíženie binomického a Black Scholesovho modelu vrátane ilustračného príkladu.
Salvato in:
| Autore principale: | |
|---|---|
| Altri autori: | |
| Natura: | Capitolo di libro |
| Lingua: | ceco |
| Soggetti: | |
| Tags: |
Nessun Tag, puoi essere il primo ad aggiungerne!!
|
MARC
| LEADER | 00000naa$a2200000$$$4500 | ||
|---|---|---|---|
| 001 | 0049884 | ||
| 005 | 20230908103031.1 | ||
| 041 | 0 | |a cze | |
| 044 | |a SK | ||
| 245 | 1 | 0 | |a Měření hodnoty podniku v globalizujícím se turbulentním prostředí |c Eva Kislingerová, Hana Scholleová |
| 520 | |a Najfrekventovanejšie metódy využívané v súčasnosti pre odhad hodnoty podniku. Podstata metód diskontu cash flow. Vysvetlenie reálnej opčnej metodológie, priblíženie binomického a Black Scholesovho modelu vrátane ilustračného príkladu. | ||
| 610 | 2 | 0 | |a hodnota podniku |
| 610 | 2 | 0 | |a globalizácia |
| 610 | 2 | 0 | |a cash flow |
| 610 | 2 | 0 | |a oceňovanie ekonomické |
| 610 | 2 | 0 | |a projekty |
| 610 | 2 | 0 | |a opcie |
| 100 | 1 | |a Kislingerová, Eva | |
| 700 | 1 | |a Scholleová, Hana | |